| 000 | 00820nam a2200253 a 4500 | ||
|---|---|---|---|
| 001 | BRCA_6263 | ||
| 005 | 20190320205405.0 | ||
| 008 | 290711s1917----nyuaco####---#000-0#eng-# | ||
| 041 | _aeng | ||
| 044 | _anyu | ||
| 050 | 4 |
_aF1234 _b.O83 1917 |
|
| 100 | 1 |
_aO’Shaughnessy, Edith _d1870-1939 _915719 |
|
| 245 | 1 | 0 |
_aDiplomatic Days _cby Edith O´Shaughnessy. |
| 260 |
_aNueva York _bHarper & Brothers _cc1917 |
||
| 300 |
_a338 p. _bil., retratos _c21 cm. |
||
| 500 | _aIncluye índice de ilustraciones | ||
| 500 | _aEstado físico: Encuadernación deteriorada | ||
| 500 | _aC7 | ||
| 651 | 4 |
_aMéxico _xHistoria _yRevolución, 1910-1917 _915720 |
|
| 651 | 4 |
_aMéxico _xRelaciones exteriores _zEstados Unidos _910034 |
|
| 651 | 4 |
_aEstados Unidos _xRelaciones exteriores _zMéxico _910035 |
|
| 902 | _aGFM | ||
| 942 |
_2lcc _cB |
||
| 999 |
_c5950 _d5950 |
||